Eastern Utah Libraries Catalog: Duchesne, Heber, Roosevelt, & Vernal

Person of interest, the complete second season (Record no. 109142)

MARC details
000 -LEADER
fixed length control field 01997cgm a2200469Ma 4500
001 - CONTROL NUMBER
control field ocn859384317
003 - CONTROL NUMBER IDENTIFIER
control field OCoLC
005 - DATE AND TIME OF LATEST TRANSACTION
control field 20241220140514.0
008 - FIXED-LENGTH DATA ELEMENTS--GENERAL INFORMATION
fixed length control field 130611s20122013xxu968 e vleng d
007 - PHYSICAL DESCRIPTION FIXED FIELD--GENERAL INFORMATION
fixed length control field vd cvaizs
040 ## - CATALOGING SOURCE
Original cataloging agency B@L
Language of cataloging eng
Transcribing agency B@L
Modifying agency UINTA
020 ## - INTERNATIONAL STANDARD BOOK NUMBER
International Standard Book Number 9781624040092
020 ## - INTERNATIONAL STANDARD BOOK NUMBER
International Standard Book Number 1624040098
024 1# - OTHER STANDARD IDENTIFIER
Standard number or code 883929278596
Terms of availability 59.99
028 42 - PUBLISHER NUMBER
Publisher number 10994677
029 1# - (OCLC)
OCLC library identifier NZ1
System control number 15223940
035 ## - SYSTEM CONTROL NUMBER
System control number (OCoLC)859384317
037 ## - SOURCE OF ACQUISITION
Stock number 10994677
049 ## - LOCAL HOLDINGS (OCLC)
Holding library UCLB
092 ## - LOCALLY ASSIGNED DEWEY CALL NUMBER (OCLC)
Classification number 791.457
245 00 - TITLE STATEMENT
Title Person of interest, the complete second season
Medium [videorecording].
246 3# - VARYING FORM OF TITLE
Title proper/short title Person of interest, the complete 2nd season
246 3# - VARYING FORM OF TITLE
Title proper/short title Person of interest, season two
246 3# - VARYING FORM OF TITLE
Title proper/short title Person of interest, season 2
250 ## - EDITION STATEMENT
Edition statement Widescreen ed.
260 ## - PUBLICATION, DISTRIBUTION, ETC. (IMPRINT)
Place of publication, distribution, etc United States :
Name of publisher, distributor, etc Warner Bros.,
Date of publication, distribution, etc 2012, 2013.
300 ## - PHYSICAL DESCRIPTION
Extent 6 videodiscs (ca. 968 min.) :
Other physical details sd., col. ;
Dimensions 4 3/4 in.
511 1# - PARTICIPANT OR PERFORMER NOTE
Participant or performer note Jim Caviezel, Kevin Chapman, Taraji P. Henson, Michael Emerson.
520 ## - SUMMARY, ETC.
Summary, etc This crime thriller follows presumed-dead former CIA agent, John Reese, who teams up with mysterious billionaire Harold Finch to prevent violent crimes with high-tech surveillance and their own brand of vigilante justice. With Finch missing, Reese enlists Detectives Joss Carter and Lionel Fusco to join the search for his friend. Will Reese and his team find Finch before it's too late? Who will be the next person of interest? Find out in these 22 riveting episodes of Season Two.
521 8# - TARGET AUDIENCE NOTE
Target audience note Closed-captioned.
538 ## - SYSTEM DETAILS NOTE
System details note DVD.
546 ## - LANGUAGE NOTE
Language note English, Portuguese audio; Chinese, French, Korean, Portuguese, Spanish, Thai subtitles.
546 ## - LANGUAGE NOTE
Language note English subtitles for the deaf and hard of hearing.
650 #0 - SUBJECT ADDED ENTRY--TOPICAL TERM
Topical term or geographic name as entry element Video recordings for the hearing impaired.
9 (RLIN) 6269000
700 1# - ADDED ENTRY--PERSONAL NAME
Personal name Caviezel, Jim.
9 (RLIN) 6207564
700 1# - ADDED ENTRY--PERSONAL NAME
Personal name Chapman, Kevin.
9 (RLIN) 71287
700 1# - ADDED ENTRY--PERSONAL NAME
Personal name Emerson, Michael.
9 (RLIN) 78205
700 1# - ADDED ENTRY--PERSONAL NAME
Personal name Henson, Taraji P.
9 (RLIN) 72717
942 ## - ADDED ENTRY ELEMENTS (KOHA)
Koha item type DVD
994 ## -
-- C0
-- UINTA
998 ## - LOCAL CONTROL INFORMATION (RLIN)
-- a184897
Holdings
Withdrawn status Lost status Source of classification or shelving scheme Materials specified (bound volume or other part) Damaged status Not for loan Collection code Home library Current library Shelving location Date acquired Source of acquisition Serial Enumeration / chronology Total Checkouts Total Renewals Full call number Barcode Checked out Date last seen Date checked out Cost, replacement price Price effective from Koha item type
    Dewey Decimal Classification 6 discs     Television Series Wasatch County Library Wasatch County Library Audio Visual Area 04/17/2025 Amazon Season 2 - Person of Interest 4 6 TV Series Person of Interest #2 34301002152827 03/27/2026 01/28/2026 01/28/2026 29.98 04/17/2025 DVD Series
This project was made possible through a grant from the Institute of Museum and Library Service administered by the Utah State Library Division.

Wasatch County Library

  • 465 East 1200 South, Heber City, Utah 84032
  • Phone 435-654-1511 | Fax 435-654-6456

Hours

  • Monday - Friday 9:30 AM - 8:00 PM
  • Saturday 9:30 AM - 1:30 PM
  • Closed Sundays and Holidays